[Event "45th Olympiad 2024"]
[Site "Budapest HUN"]
[Date "2024.09.13"]
[Round "3.64"]
[Board "4"]
[White "Arnold Smith"]
[Black "Van Hoolandt, Patrick"]
[Result "0-1"]
[WhiteElo "1915"]
[BlackElo "2036"]
[PlyCount "98"]
[EventDate "2024.09.11"]
[WhiteTeam "Liberia"]
[BlackTeam "Monaco"]
[WhiteTeamCountry "LBR"]
[BlackTeamCountry "MNC"]

1. e4 e5 2. Nf3 Nc6 3. Bb5 Nf6 4. d3 Bc5 5. O-O Nd4 6. Nxd4 Bxd4 7. c3 Bb6 8. Bg5 h6 9. Bh4 c6 10. Bc4 d6 11. Nd2 g5 12. Bg3 h5 ({RR} 12... Bg4 13. Qb3 O-O 14. h3 Bh5 15. Qc2 Bg6 16. Bb3 Nh5 17. Bh2 Nf4 18. Nc4 Bc7 19. Ne3 Qf6 20. Rad1 h5 21. Rfe1 Rad8 22. Rd2 Rfe8 23. Qd1 Kg7 24. Qf3 d5 25. Red1 d4 26. Nc2 dxc3 27. bxc3 {½-½ Hovhannisyan,R (2601)-Pashikian,A (2630) Jermuk Asrian Memorial 7th 2014 (8)}) 13. h3 $146 ({RR} 13. h4 Rg8 14. Qb3 Qe7 15. d4 gxh4 16. Bxh4 Bh3 17. g3 O-O-O 18. Rfe1 Rg4 19. Nf3 Rg7 20. a4 Rdg8 21. a5 Bd8 22. dxe5 dxe5 23. Qa3 Qxa3 24. Rxa3 Nd7 25. Bxd8 Rxd8 26. b4 Bg4 27. Nh4 Nf8 {0-1 Cordovil,J (2139)-Sousa,A (2380) Lisbon Portugal op 2017 (5)}) ({RR} 13. h4 Bg4 14. Qb3 Nh7 15. Bxf7+ Kf8 16. Nc4 Qf6 17. Nxb6 axb6 18. f3 Bd7 19. Bxh5 Be6 20. Qxb6 gxh4 21. f4 Qg7 22. fxe5+ Kg8 23. Bh2 {1-0 Veiga,J (2145)-Moreira,S (1452) POR-ch U14 Luso 2017 (5)}) 13... h4 14. Bh2 g4 15. hxg4 Bxg4 16. Qb3 Qe7 17. a4 Rg8 18. Kh1 Be2 19. Rfe1 Bh5 20. Rf1 Ng4 21. a5 Nxf2+ 22. Rxf2 Bxf2 23. Rf1 Be3 24. Nf3 O-O-O 25. Qc2 a6 26. Qe2 Ba7 27. d4 exd4 28. cxd4 Bxd4 29. Qd3 Ba7 30. b4 Rg3 31. e5 Bg6 32. exd6 Rxd6 33. Qc3 Bd4 34. Qc1 Be3 35. Qc3 Bd4 36. Qc1 Be3 37. Qc3 Bd2 38. Qh8+ Rd8 39. Qxh4 Qxh4 40. Nxh4 Rg4 41. Nxg6 Rxc4 42. Ne5 Rc1 43. Rxc1 Bxc1 44. Kg1 f6 45. Nc4 Rd4 46. Nd6+ Kd7 47. Nxb7 Be3+ 48. Kf1 Rxb4 49. Nd6 Bf4 0-1

[Event "45th Olympiad 2024"]
[Site "Budapest HUN"]
[Date "2024.09.13"]
[Round "3.65"]
[Board "1"]
[White "Susilodinata, Andrean"]
[Black "Ndahangwapo, Heskiel"]
[Result "1-0"]
[WhiteElo "2393"]
[BlackElo "2011"]
[PlyCount "45"]
[EventDate "2024.09.11"]
[WhiteTeam "Indonesia"]
[BlackTeam "Namibia"]
[WhiteTeamCountry "INA"]
[BlackTeamCountry "NAM"]

1. d4 Nf6 2. Nc3 d5 3. Bf4 c6 4. e3 e6 5. Nf3 Bd6 6. Ne5 O-O 7. Bd3 c5 8. dxc5 Bxc5 9. O-O $146 ({RR} 9. g4 Nc6 10. g5 Ne4 11. Nxe4 dxe4 12. Bxe4 Nxe5 13. Qxd8 Rxd8 14. Bxe5 Be7 15. h4 Bd6 16. O-O-O Be7 17. f4 Rxd1+ 18. Rxd1 f6 19. Bc7 Kf7 20. a4 a5 21. c3 Ra6 22. Kc2 g6 23. gxf6 Bxf6 {1-0 Buksa,N (2419)-Annaberdiyev,B (2146) Titled Arena 2nd Jan blitz 2021}) ({RR} 9. Qf3 Nc6 10. Qh3 Nxe5 11. Bxe5 h6 12. O-O-O Bd7 13. g4 Nh7 14. Qg3 Bc6 15. h4 f6 16. Bd4 b6 17. f4 Qd6 18. g5 Bxd4 19. Bxh7+ Kxh7 20. Rxd4 e5 21. Rdd1 d4 22. Rhg1 exf4 23. exf4 fxg5 {0-1 Wu,D (2232)-Mazurkiewicz,M (2224) Titled Tue 3rd Sep Late 2024 (10)}) 9... b6 10. Qf3 Bb7 11. Qh3 Be7 12. Rad1 Na6 13. Bg5 g6 14. Bxa6 Bxa6 15. Nc6 Qc7 16. Nxe7+ Qxe7 17. Qh4 Kg7 18. e4 e5 19. Nxd5 Nxd5 20. Bxe7 Nxe7 21. Qxe7 Rfe8 22. Qa3 Bxf1 23. Kxf1 1-0

[Event "45th Olympiad 2024"]
[Site "Budapest HUN"]
[Date "2024.09.13"]
[Round "3.65"]
[Board "2"]
[White "Schwarz, Bernhard"]
[Black "Cahaya, Satria Duta"]
[Result "0-1"]
[WhiteElo "1875"]
[BlackElo "2219"]
[PlyCount "85"]
[EventDate "2024.09.11"]
[WhiteTeam "Namibia"]
[BlackTeam "Indonesia"]
[WhiteTeamCountry "NAM"]
[BlackTeamCountry "INA"]

1. e4 c5 2. Nf3 Nc6 3. d4 cxd4 4. Nxd4 Nf6 5. Nc3 e5 6. Ndb5 d6 7. Bg5 a6 8. Na3 b5 9. Nab1 Be7 10. Bxf6 Bxf6 11. a4 b4 12. Nd5 Bg5 13. Bc4 O-O 14. O-O Kh8 15. c3 bxc3 16. Nbxc3 Qa5 $146 ({RR} 16... f5 17. exf5 Bxf5 18. Bd3 Rb8 19. Bxf5 Rxf5 20. Qd3 Qf8 21. Qxa6 Rxb2 22. f4 Nb8 23. Qd3 exf4 24. a5 f3 25. Rxf3 Rxf3 26. Qxf3 Qxf3 27. gxf3 Bh4 28. Ne4 Na6 29. Rc1 h6 30. Rc6 Nc5 31. a6 {1-0 Prasad,D (2200)-Jhunjhnuwala,K (2268) 31st World Senior 50+ 2023 (9.15)}) ({RR} 16... Rb8 17. Rb1 Qa5 18. b4 Qd8 19. a5 f5 20. Qd3 Bh4 21. Bxa6 Be6 22. exf5 Bxf5 23. Ne4 Qe8 24. Qe3 Nd4 25. Nxd6 Qc6 26. Nxf5 Rxf5 27. Nb6 Rbf8 28. f4 Nc2 29. Qh3 Bd8 30. Bd3 e4 31. Bxc2 {1-0 Lu,Y (2213)-Wu,S (2146) 1000GM Memorial Day 2024 (7.22)}) 17. Qd3 Qc5 18. Rab1 a5 19. Nb5 Be6 20. b3 Rad8 21. Rbd1 Bg4 22. Rde1 Bc8 23. Kh1 f5 24. Nbc3 Nd4 25. f3 g6 26. f4 exf4 27. Nxf4 Bf6 28. Ncd5 Be5 29. Ne7 Bxf4 30. Rxf4 Qe5 31. Nd5 Ne6 32. Rff1 Nc5 33. Qd2 Nxe4 34. Qxa5 Qd4 35. Rxe4 fxe4 36. Qc3 Qxc3 37. Nxc3 Rxf1+ 38. Bxf1 d5 39. Nd1 d4 40. Bc4 e3 41. Kg1 Be6 42. Bxe6 e2 43. Bc4 0-1

[Event "45th Olympiad 2024"]
[Site "Budapest HUN"]
[Date "2024.09.13"]
[Round "3.65"]
[Board "3"]
[White "Ulhaq, Zacky Dhia"]
[Black "Khoa, Goodwill"]
[Result "1-0"]
[WhiteElo "2203"]
[BlackElo "1890"]
[PlyCount "63"]
[EventDate "2024.09.11"]
[WhiteTeam "Indonesia"]
[BlackTeam "Namibia"]
[WhiteTeamCountry "INA"]
[BlackTeamCountry "NAM"]

1. d4 Nf6 2. c4 g6 3. Nc3 Bg7 4. e4 d6 5. Nf3 O-O 6. Be2 Bg4 7. Be3 Nbd7 8. O-O c5 9. d5 Qb6 ({RR} 9... Ne8 10. h3 Bxf3 11. Bxf3 Nc7 12. Be2 a6 13. a4 Re8 14. f4 e6 15. Bf2 exd5 16. exd5 f5 17. Bd3 Nf6 18. a5 Rb8 19. Qc2 Nh5 20. Qd2 b5 21. axb6 Rxb6 22. Rfe1 Qb8 23. Rxe8+ Nxe8 24. Ra2 {1-0 Nikolov,M (2506)-Spasov,V (2598) BUL-chT 59th 2009 (3.3)}) ({RR} 9... a6 10. Nd2 Bxe2 11. Qxe2 Rc8 12. f4 Re8 13. Qd3 Ng4 14. e5 dxe5 15. f5 e4 16. Ncxe4 Nxe3 17. f6 Nxf1 18. fxg7 Nxd2 {0-1 Chuemsakul,S (1820)-Tarhan,A (2420) Titled Tue 16th Jan Early 2024 (9)}) 10. Qc2 $146 ({RR} 10. b3 Nh5 11. h3 Bxf3 12. Bxf3 Bxc3 13. Bxh5 gxh5 14. Rc1 Bg7 15. Qxh5 Nf6 16. Qf3 Qa5 17. a4 Qd8 18. g4 Nd7 19. Qg3 Ne5 20. Rcd1 e6 21. f4 Ng6 22. Kg2 exd5 23. Rxd5 Qe7 24. Qe1 Qxe4+ {0-1 Marwitz,U (898)-Wilhelm,R (1048) Harburg-chJ 8th 2010 (3)}) 10... Rab8 11. h3 Bxf3 12. Bxf3 h5 13. Be2 Rfe8 14. g4 hxg4 15. hxg4 Ne5 16. g5 Nh7 17. f4 Nd7 18. Bg4 Ndf8 19. f5 Bd4 20. Qd2 Qb4 21. Be2 Bxe3+ 22. Qxe3 Qxb2 23. Rab1 Qa3 24. Rb3 Qa5 25. Qf4 Qd8 26. fxg6 fxg6 27. e5 dxe5 28. Qf7+ Kh8 29. Ne4 b6 30. Rh3 Qd7 31. Kg2 e6 32. Rxh7+ 1-0

[Event "45th Olympiad 2024"]
[Site "Budapest HUN"]
[Date "2024.09.13"]
[Round "3.65"]
[Board "4"]
[White "Nitzborn, Max Baron"]
[Black "Kristopher, Reynard"]
[Result "0-1"]
[WhiteElo "1800"]
[BlackElo "2114"]
[PlyCount "74"]
[EventDate "2024.09.11"]
[WhiteTeam "Namibia"]
[BlackTeam "Indonesia"]
[WhiteTeamCountry "NAM"]
[BlackTeamCountry "INA"]

1. d4 d5 2. Nc3 Nf6 3. Bg5 Nbd7 4. f3 c5 5. Bxf6 ({RR} 5. e3 e6 6. Bb5 Be7 7. Nge2 O-O 8. O-O h6 9. Bh4 a6 10. Bxd7 Bxd7 11. Bf2 Rc8 12. Kh1 b5 13. a3 Qc7 14. Bg3 Qc6 15. Be5 b4 16. Nb1 bxa3 17. Nxa3 Qb7 18. b3 Bb5 19. Nxb5 Qxb5 {½-½ Asrian,K (2605)-Sargissian,G (2614) EU-ch playoff qual 5th rapid 2004 (1)}) ({RR} 5. e3 cxd4 6. exd4 Qb6 7. Qd2 e6 8. O-O-O Bb4 9. g4 a6 10. h4 Qa5 11. Nge2 Nb6 12. Bxf6 gxf6 13. Qf4 Be7 14. Ng3 Bd7 15. Nh5 Rc8 16. Nxf6+ Kd8 17. Nxd7 Kxd7 18. Bd3 Rxc3 19. bxc3 Qxc3 {0-1 Novikova,G (2073)-Souleidis,G (2414) Titled Tue 6th Feb Late 2024 (11)}) 5... Nxf6 6. e4 dxe4 7. d5 e6 $146 ({RR} 7... exf3 8. Nxf3 g6 9. Ne5 Bg7 10. Qf3 O-O 11. O-O-O Qc7 12. Qe2 a6 13. a4 b5 14. Nc6 e6 15. axb5 axb5 16. Kb1 Nxd5 17. Nxd5 exd5 18. Ne7+ Kh8 19. Nxc8 Rfxc8 20. Rxd5 Qa5 21. c3 Qa2+ {0-1 Rich,M (2166)-Jones,W (2091) GBR-ch 97th Canterbury 2010 (9)}) ({RR} 7... a6 8. fxe4 e6 9. Nf3 Qb6 10. Qd2 exd5 11. e5 Ne4 12. Nxd5 Qxb2 13. Qc1 Qxc1+ 14. Rxc1 Rb8 15. Bd3 f5 16. Bxe4 fxe4 17. Ng5 c4 18. O-O Bc5+ 19. Kh1 Rf8 20. Nc7+ Kd7 21. Rxf8 Bxf8 22. Nd5 {1-0 Heimsoth,S (2164)-Kock,W (2025) Ruhrgebiet VL2 0405 2004 (7.2)}) 8. fxe4 exd5 9. exd5 Bd6 10. Bb5+ Bd7 11. Qe2+ Qe7 12. O-O-O Qxe2 13. Ngxe2 a6 14. Bxd7+ Kxd7 15. Rhf1 h5 16. h4 Rae8 17. Rf3 b5 18. Ng3 Bxg3 19. Rxg3 Ng4 20. Rf1 f6 21. Kd2 Kd6 22. a3 Re5 23. b4 Rc8 24. Re1 Rxe1 25. Kxe1 cxb4 26. axb4 Rc4 27. Kd2 Rxb4 28. Rd3 Ne5 29. Rg3 g6 30. Rh3 Rg4 31. Rh2 b4 32. Nd1 Rd4+ 33. Ke2 Rxd1 34. Kxd1 Ng4 35. Rh3 Nf2+ 36. Kc1 Nxh3 37. gxh3 Kxd5 0-1

[Event "45th Olympiad 2024"]
[Site "Budapest HUN"]
[Date "2024.09.13"]
[Round "3.66"]
[Board "1"]
[White "Giasi, Viresh"]
[Black "Laohawirapap, Prin"]
[Result "0-1"]
[WhiteElo "1998"]
[BlackElo "2380"]
[PlyCount "56"]
[EventDate "2024.09.11"]
[WhiteTeam "Suriname"]
[BlackTeam "Thailand"]
[WhiteTeamCountry "SUR"]
[BlackTeamCountry "THA"]

1. d4 Nf6 2. Nf3 g6 3. h3 Bg7 4. Bf4 O-O 5. e3 d6 6. Be2 Nc6 7. O-O e5 8. Bh2 Qe7 ({RR} 8... Ne4 9. Nbd2 Nxd2 10. Qxd2 Qe7 11. c3 f5 12. Ne1 Qf7 13. Nd3 Be6 14. b4 Rad8 15. Qc2 Bc4 16. b5 Na5 17. dxe5 Bxd3 18. Bxd3 dxe5 19. Rad1 b6 20. Rd2 Rd6 21. Rfd1 Rfd8 22. Be2 Qe6 23. g4 {1-0 Zhigalko,S (2643)-Zhigalko,A (2566) EU-ch 18th Minsk 2017 (10)}) 9. a3 $146 ({RR} 9. c3 Ne4 10. Nbd2 Nxd2 11. Nxd2 f5 12. Re1 Be6 13. a4 Bf7 14. a5 a6 15. b4 Rad8 16. Qa4 Na7 17. b5 axb5 18. Bxb5 Nxb5 19. Qxb5 Rb8 20. Rab1 Qe8 21. Nf3 Qxb5 22. Rxb5 e4 23. Nd2 Be8 {0-1 Peatman,C (1959)-Jaferian,K (2227) Titled Tuesday intern op 15th Feb Late blitz 2022 (3)}) ({RR} 9. c4 h6 10. Nc3 Nh7 11. Nd5 Qd8 12. b4 Be6 13. b5 Bxd5 14. cxd5 Ne7 15. dxe5 dxe5 16. e4 Qd6 17. Rc1 f5 18. Nd2 f4 19. Qc2 c6 20. bxc6 bxc6 21. dxc6 Nxc6 22. Qxc6 Qxd2 23. Bc4+ Kh8 {1-0 Pakleza,Z (2482)-Degenbaev,A (2227) Titled Tue 23rd Jan Late 2024 (4)}) ({RR} 9. d5 Nd8 10. c4 Ne8 11. Nc3 f5 12. Rc1 g5 13. Nd2 Nf7 14. b4 e4 15. c5 Be5 16. Bxe5 Nxe5 17. Nc4 Nxc4 18. Bxc4 Nf6 19. cxd6 cxd6 20. Qd4 Nd7 21. Be2 Ne5 22. Nb5 a6 23. Nc7 Rb8 {0-1 Ehrke,M (2172)-Halkias,S (2506) 25th OIBM 2022 (2.12)}) 9... Ne4 10. Bb5 Kh8 11. Bxc6 bxc6 12. Nbd2 Nxd2 13. Qxd2 e4 14. Ne1 Ba6 15. c3 Rab8 16. b4 Bxf1 17. Kxf1 f5 18. Qa2 g5 19. Qc4 Rb6 20. Nc2 f4 21. a4 d5 22. Qa2 Rf5 23. h4 h6 24. hxg5 hxg5 25. Ke2 Qf7 26. g4 Rf6 27. exf4 Rh6 28. Bg1 gxf4 0-1

[Event "45th Olympiad 2024"]
[Site "Budapest HUN"]
[Date "2024.09.13"]
[Round "3.66"]
[Board "2"]
[White "Kulpruethanon, Thanadon"]
[Black "Yeung, Jason"]
[Result "1-0"]
[WhiteElo "2286"]
[BlackElo "1993"]
[PlyCount "49"]
[EventDate "2024.09.11"]
[WhiteTeam "Thailand"]
[BlackTeam "Suriname"]
[WhiteTeamCountry "THA"]
[BlackTeamCountry "SUR"]

1. d4 Nf6 2. c4 e6 3. Nf3 d5 4. g3 dxc4 5. Bg2 Nc6 6. Qa4 Bb4+ 7. Bd2 Nd5 8. Bxb4 Ndxb4 9. O-O Rb8 10. Nc3 a6 11. Ne5 O-O 12. Nxc6 bxc6 13. a3 ({RR} 13. Bxc6 Nxc6 14. Qxc6 Qd6 15. Qxc4 Rb4 16. Qd3 Rxd4 17. Qe3 Bb7 18. f3 Rd8 19. Rac1 h6 20. Rc2 Qb6 21. Kf2 h5 22. b3 h4 23. Na4 Qd6 24. Nc5 Ba8 25. Nd3 Rd5 26. Qf4 e5 27. Qxh4 Rd4 {0-1 Kukhmazov,A (2498)-Novozhilov,S (2272) Titled Tue 7th Nov Early 2023 (11)}) 13... Nd5 14. Qxc4 Rxb2 15. Rfb1 Rd2 $146 ({RR} 15... Rxb1+ 16. Rxb1 Qd6 17. a4 Nb6 18. Qxc6 Qxd4 19. Rd1 Qe5 20. a5 Bd7 21. Qb7 Na4 22. Ne4 Bb5 23. Rc1 f5 24. Ng5 Nc3 25. Nf3 Nxe2+ 26. Kh1 Qe4 27. Qxc7 Nxc1 28. Qxc1 Qc4 29. Qd2 Qd3 30. Qe1 {0-1 Zhao,S (1949)-Zhai,M (2371) CHN-chT China 2016 (21.3)}) 16. e3 Nb6 17. Qf1 f5 18. Qc1 Rd3 19. Qc2 Rxc3 20. Qxc3 Bd7 21. Bxc6 Qe8 22. Bg2 Qb8 23. Rc1 c6 24. Rab1 Qc7 25. Qa5 1-0

[Event "45th Olympiad 2024"]
[Site "Budapest HUN"]
[Date "2024.09.13"]
[Round "3.67"]
[Board "1"]
[White "Sanchez Alvarez, Roberto Carlos"]
[Black "Ebosse Kingue Victor Patrick"]
[Result "1-0"]
[WhiteElo "2376"]
[BlackElo "2014"]
[PlyCount "77"]
[EventDate "2024.09.11"]
[WhiteTeam "Panama"]
[BlackTeam "Cameroon"]
[WhiteTeamCountry "PAN"]
[BlackTeamCountry "CAM"]

1. d4 {Kramnik,Vladimir} Nf6 2. c4 g6 3. Nc3 Bg7 4. e4 d6 5. f3 O-O 6. Nge2 c5 7. d5 e6 8. Ng3 exd5 9. cxd5 a6 10. a4 Nbd7 11. Be2 h5 12. Bg5 ({RR} 12. O-O h4 ({RR} 12... Nh7 13. Be3 h4 14. Nh1 f5 15. Qd2 Qf6 16. f4 Re8 17. Nf2 Ndf8 18. e5 dxe5 19. fxe5 Qxe5 20. Bxc5 Nd7 21. Nd3 Qf6 22. Bf2) 13. Nh1 Nh5 14. Be3 g5 15. Qd2 Nf4 16. Bxf4 gxf4 17. Qxf4 Ne5 18. Qd2 Ng6 19. f4 Bd4+ 20. Nf2 f5 21. Kh1 Qe7 22. Bd3 Qg7 23. exf5 Bxf5 24. Bxf5 Rxf5 25. Nh3 Raf8) 12... Qa5 ({RR} 12... Qe8 13. Qd2 Nh7 ({RR} 13... Rb8 14. Bh6 Ne5 15. Bxg7 Kxg7 16. f4 Neg4 17. h3 h4 ({RR} 17... Nh6 18. Bf3 h4 19. Nge2) 18. hxg4 hxg3 19. f5 Rh8 20. O-O-O) 14. Bh6 ({RR} 14. Be3 f5) 14... Qe5 ({RR} 14... Bd4 15. Bxf8 Qxf8 16. Bd3 Qg7 17. Nge2) ({RR} 14... f5 15. Bxg7 Kxg7 16. exf5 gxf5 17. O-O) 15. Bxg7 Qxg7 16. Nf1 ({RR} 16. O-O h4 17. Nh1 Qd4+ ({RR} 17... f5 18. Nf2 b6) 18. Qxd4 cxd4 19. Nb1 a5 ({RR} 19... f5 20. Nf2 Nhf6 21. Rd1) 20. Rd1 Nc5) 16... f5 ({RR} 16... Qd4 17. Ne3 ({RR} 17. Qxd4 cxd4 18. Nb1 Nc5) 17... Qxd2+ 18. Kxd2) ({RR} 16... Rb8 17. Ne3) 17. exf5 gxf5 18. Ne3 Kh8 ({RR} 18... Ne5 19. f4 ({RR} 19. O-O f4) 19... Ng4 20. Nc4 Qc7 21. h3 Ngf6 22. a5 Bd7 23. O-O Rae8 24. Qd1) ({RR} 18... Rb8 19. O-O ({RR} 19. Nc4 Ne5 20. Nxe5 Qxe5 21. O-O) 19... Qd4 20. Rad1 f4) ({RR} 18... f4 19. Nc4 Qxg2 20. O-O-O) 19. Nc4 Qf6 ({RR} 19... Qxg2 20. O-O-O Qg6 21. Qf4 ({RR} 21. Rhg1 Qf6 22. Qf4 ({RR} 22. f4 b5 23. axb5 h4) 22... Ne5) {RR} 21... Rf6 22. Rhg1 Qh6 23. Qxh6 Rxh6 24. Bd3) 20. O-O Rb8 ({RR} 20... Ne5 21. Nb6 ({RR} 21. Nxe5 Qxe5 22. Rad1 Rg8) 21... Rb8 22. f4 Ng4 23. h3 ({RR} 23. Bxg4 hxg4 24. Rae1) 23... Qd4+ 24. Qxd4+ cxd4 25. hxg4 dxc3 26. g5 cxb2 27. Rab1) ({RR} 20... Qd4+ 21. Qxd4+ cxd4 22. Na2) 21. Rfe1 b5 22. axb5 axb5 23. Na5 b4 ({RR} 23... c4 24. Nc6 Rb6 25. b4 ({RR} 25. Ra5)) 24. Nb5 Ba6 ({RR} 24... Rg8 25. Nc6 ({RR} 25. Na7 Ne5 26. N5c6 Qg7 27. g3 Ng5) 25... Rb6 26. f4) 25. Nc7 Bxe2 26. Rxe2 Rg8 ({RR} 26... Ng5 27. Nc6 Ne5 28. Nxe5 dxe5 29. Qe3 e4 30. Ra6 ({RR} 30. f4 Nf3+ 31. gxf3 Qg7+ 32. Rg2 Qxc7 33. Ra6 Rb6 34. Rxb6 Qxb6 35. Rg5 Rg8 36. fxe4 Rxg5+ 37. fxg5 fxe4 38. Qxe4) 30... Rb6 31. Rxb6 Qxb6 32. Qxg5 Qxc7 33. Qxh5+ Qh7 34. Qxh7+ Kxh7 35. fxe4) 27. Nc6 {1-0 Ivanchuk,V (2730)-Kramnik,V (2765) Las Palmas 1996 (5)} {RR} Ng5 28. Kh1 Rbc8 29. Ne6 Ra8 30. Rae1 Ra2 31. Nf4) ({RR} 12... Qc7 13. Qd2 Re8 ({RR} 13... Nh7 14. Bh6 Qd8 15. Bxg7 Kxg7 16. O-O Rb8 17. Rab1 Qa5 18. Rfd1 Qb4 19. Qc2 c4 20. Na2 Qc5+ 21. Kf1 b5 22. axb5 axb5 23. b3 h4 24. Nh1 h3 25. bxc4 hxg2+ 26. Kxg2 Ne5) ({RR} 13... c4 14. O-O Rb8 15. Bh6 h4 16. Nh1 b5 17. axb5 axb5 18. Nf2 b4 19. Bxg7 Kxg7 20. Na4 Nc5 21. Nxc5 Qxc5) 14. O-O c4 15. Rab1 Rb8 16. Rfc1 b5 17. axb5 axb5 18. b4) ({RR} 12... Qb6 13. Qd2 Nh7 14. a5 Qc7) ({RR} 12... Qb6 13. Qd2 Nh7 14. a5 Qc7 15. Bh6 h4 16. Bxg7 Kxg7 17. Nf1 b5 18. axb6 Qxb6 19. Ne3 Rb8 20. Nc4 Qc7 21. f4 Nb6 22. Ne3 Re8 23. O-O Nf6 24. e5 dxe5 25. d6 Qd8 26. f5 g5 27. Bxa6 {1-0 Tang,A (2502)-Taboas Rodriguez,D (2363) Titled Tue 9th Jan Late 2024 (6)}) 13. Bd2 $146 ({RR} 13. Nf1 Re8 14. Nd2 Nh7 15. Nc4 Qc7 16. Bf4 Ne5 17. Bxe5 Bxe5 18. Nxe5 Rxe5 19. O-O f5 20. Qe1 f4 21. Nb1 Rb8 22. Na3 Re8 23. Qd2 Rf8 24. Rfc1 Qe7 25. b4 b6 26. Rab1 Bd7 27. Bxa6 Ra8 {1-0 Zhukova,N (2450)-Sziva,E (2311) World-ch (Women) k.o. 2000 (1.1)}) ({RR} 13. Qd2 Re8 14. O-O c4 15. Be3 Ne5 16. Nh1 Nfd7 17. f4 Nd3 18. Bxd3 cxd3 19. Nf2 Nc5 20. Bxc5 Qxc5 21. Kh1 Bd7) ({RR} 13. O-O Nh7 14. Be3 h4 15. Nh1 f5 16. Qd2 Ndf6 17. Nf2 Nh5 18. Bh6 Qc7 19. Bxg7 Qxg7 20. Nd3 Qd4+ 21. Kh1 c4 22. Qh6 cxd3 23. Qxg6+ Ng7 24. Rfd1 Rf6 25. Rxd3 Qe5 26. f4 Qe7 27. exf5 Bxf5 {0-1 Disconzi da Silva,R (2333)-Bortnyk,M (2482) Titled Tuesday intern op 2nd July blitz 2019 (2)}) 13... Qc7 14. Nf1 Re8 15. Ne3 Rb8 16. O-O Ne5 17. b3 Qe7 18. h3 Ned7 19. Nc4 Ne5 20. Na3 Ned7 21. Rc1 Nh7 22. f4 Bd4+ 23. Kh1 Ndf6 24. Bf3 Bd7 25. Qe2 b5 26. axb5 axb5 27. Naxb5 Bxc3 28. Nxc3 Rxb3 29. Rfe1 Qd8 30. e5 Bf5 31. Qd1 Rxc3 32. Bxc3 Ng4 33. Re2 dxe5 34. Qe1 e4 35. hxg4 hxg4 36. Bxe4 g3 37. Bxf5 Rxe2 38. Qxe2 gxf5 39. Qh5 1-0

[Event "45th Olympiad 2024"]
[Site "Budapest HUN"]
[Date "2024.09.13"]
[Round "3.67"]
[Board "4"]
[White "Makem Pierre"]
[Black "Schnell, Sebastian Narayana"]
[Result "1/2-1/2"]
[WhiteElo "1860"]
[BlackElo "2059"]
[PlyCount "108"]
[EventDate "2024.09.11"]
[WhiteTeam "Cameroon"]
[BlackTeam "Panama"]
[WhiteTeamCountry "CAM"]
[BlackTeamCountry "PAN"]

1. d4 Nf6 2. Bf4 d5 3. e3 e6 4. Nd2 a6 5. Bd3 b5 $146 ({RR} 5... Nc6 6. c3 Bd6 7. Bg3 O-O 8. Ngf3 b5 9. Ne5 Bb7 10. Qc2 h6 11. f4 Qe7 12. Qd1 Na5 13. Bh4 Nc4 14. Qe2 Nxb2 15. Bc2 c5 16. Ng4 Rfc8 17. e4 dxe4 18. Nxe4 Bxe4 19. Bxe4 Na4 20. Bxa8 {1-0 Bischof,R (2027)-Scharrenbroich,A (1850) Duisburg Grossenbaum op 2006 (6)}) ({RR} 5... c5 6. c3 Nc6 7. Ngf3 Bd6 8. Bg3 O-O 9. Qe2 Re8 10. Ne5 Qc7 11. f4 Ne7 12. Bf2 b5 13. Qf3 Bb7 14. g4 b4 15. g5 Ne4 16. Nxe4 dxe4 17. Bxe4 Bxe4 18. Qxe4 bxc3 19. bxc3 cxd4 20. cxd4 {½-½ Golubov,S (2482)-Bilguun,S (2497) Wch Rapid St Petersburg 2018 (4)}) ({RR} 5... Nc6 6. c3 Bd6 7. Ngf3 Bxf4 8. exf4 h5 9. g3 b5 10. Qe2 Qe7 11. O-O Bb7 12. Rfe1 Bc8 13. Nb3 Rb8 14. f5 O-O 15. Nc5 Re8 16. fxe6 Bxe6 17. Nxa6 Qd7 18. Nxb8 Nxb8 19. Ne5 Qd6 20. Bxb5 {1-0 Claro Molinares,S (1638)-Lizarazo,M Cucuta Unicentro op 2022 (2)}) ({RR} 5... c5 6. c3 Be7 7. Ngf3 Nbd7 8. Qb1 h6 9. h3 b5 10. a3 Qb6 11. Ne5 Nf8 12. Ndf3 N6h7 13. g4 f6 14. Ng6 Nxg6 15. Bxg6+ Kd7 16. Bxh7 Qd8 17. Bd3 g5 18. Bg3 h5 19. Ke2 Bb7 20. Nd2 {1-0 Havelka,G (1820)-Catusse,D FRA-chT4 0304 2003 (6)}) 6. g4 h6 7. h4 c5 8. c3 c4 9. Bc2 Bb7 10. Qf3 Nfd7 11. Qg3 b4 12. Bc7 Qc8 13. Ngf3 a5 14. Ba4 Bc6 15. Bc2 Ra7 16. Bf4 Rb7 17. O-O Be7 18. e4 Na6 19. Rae1 bxc3 20. bxc3 Rb2 21. Bb1 Nb6 22. Ne5 g5 23. Be3 Nd7 24. hxg5 hxg5 25. Ndf3 Rg8 26. Nxd7 Qxd7 27. Ne5 Qc7 28. Qf3 Bd6 29. Nxc6 Qxc6 30. exd5 Qd7 31. Qf6 Qe7 32. Qh6 Qf8 33. Bxg5 Qxh6 34. Bxh6 Rxg4+ 35. Kh1 Rh4+ 36. Kg2 Rxh6 37. dxe6 fxe6 38. Be4 Ke7 39. Rh1 Rxh1 40. Rxh1 Rxa2 41. Rh7+ Kf6 42. Rh6+ Kf7 43. d5 Nc7 44. dxe6+ Ke7 45. Bf5 Bc5 46. Rh7+ Kf6 47. Rf7+ Kg5 48. Bb1 Rxf2+ 49. Rxf2 Bxf2 50. Kxf2 Kf6 51. Ba2 Kxe6 52. Bxc4+ Kd6 53. Ke2 Kc5 54. Kd3 Na8 1/2-1/2

[Event "45th Olympiad 2024"]
[Site "Budapest HUN"]
[Date "2024.09.13"]
[Round "3.68"]
[Board "2"]
[White "Ouakhir, Mehdi Pierre"]
[Black "Salim Mohammed, Salim Al Amri"]
[Result "1/2-1/2"]
[WhiteElo "2191"]
[BlackElo "1926"]
[PlyCount "103"]
[EventDate "2024.09.11"]
[WhiteTeam "Morocco"]
[BlackTeam "Oman"]
[WhiteTeamCountry "MAR"]
[BlackTeamCountry "OMN"]

1. d4 Nf6 2. c4 e6 3. Nc3 Bb4 4. Qc2 O-O 5. e4 d5 6. e5 Ne4 7. Bd3 c5 8. cxd5 exd5 9. Nge2 cxd4 10. Nxd4 Nd7 11. f4 Qh4+ 12. g3 Qh3 13. Bf1 Qh5 14. Bg2 Ndc5 ({RR} 14... Nb6 15. O-O Bxc3 16. bxc3 Bh3 17. f5 Bxg2 18. Qxg2 Nc4 19. g4 Qh4 20. f6 Nxe5 21. fxg7 Rfe8 22. Nf5 Qd8 23. Be3 Re6 24. g5 Rc8 25. Nh6+ Rxh6 26. gxh6 Rc6 27. Kh1 Rg6 28. Qh3 Ng4 29. Qf3 {1-0 Kramnik,V (2780)-Adams,M (2715) WDR Match TV g/60 1998 (1)}) 15. O-O Bxc3 16. bxc3 Bh3 17. Be3 $146 ({RR} 17. f5 Bxg2 18. Qxg2 Rfe8 19. g4 Qh4 20. f6 Rxe5 21. fxg7 Qd8 22. Nf5 f6 23. Bf4 Re8 24. Be3 Ne6 25. c4 Nc3 26. Rae1 Rb8 27. g5 fxg5 28. Nh6+ Kxg7 29. Nf7 Qe7 30. Bd4+ {1-0 Ivanisevic,I (2530)-Munoz Sotomayor,H (2322) Olympiad-34 Istanbul 2000 (11.3)}) ({RR} 17. f5 Bxg2 18. Qxg2 Nd3 19. g4 Qh4 20. f6 Nxc1 21. fxg7 Rfe8 22. Nf5 Qg5 23. Raxc1 Rxe5 24. c4 Nf6 25. h4 Qg6 26. cxd5 Nxg4 27. Rf4 Rxf5 28. Rxg4 Qb6+ 29. Kh1 Rf2 30. Qg3 Qb2 31. Rgc4 Re8 {0-1 Gluckie,J (1907)-Gardner,R (2221) Canadian op Edmonton 2005 (7)}) 17... f6 18. Bxh3 Qxh3 19. Nb3 b6 20. Nxc5 bxc5 21. c4 fxe5 22. cxd5 Nxg3 23. Rf3 exf4 24. Bxf4 Qg4 25. Rxg3 Qxf4 26. Qxc5 Rae8 27. d6 Re5 28. Qc3 Rg5 29. Rd1 Rxg3+ 30. Qxg3 Qxg3+ 31. hxg3 Rd8 32. Rc1 Rxd6 33. Rc8+ Kf7 34. Rc7+ Kf6 35. Rxa7 Rd2 36. Ra5 g5 37. a4 Kg6 38. Rb5 Rd4 39. a5 Kh5 40. Rb7 Ra4 41. Rxh7+ Kg4 42. Rb7 Kxg3 43. Rb3+ Kh4 44. a6 Rxa6 45. Rb4+ g4 46. Rb3 Ra2 47. Rc3 Rb2 48. Ra3 Rb8 49. Rc3 Rf8 50. Kg2 Rd8 51. Ra3 Rd1 52. Rb3 1/2-1/2